Word Ladder: Asphalt Adventure Quiz Stats

 Plays Quiz Updated Sep 19, 2012

Support Sporcle.
Go Orange.
Score 0/32 Timer 04:00
0 Plays Today
Hint Answer % Correct
Highway☀ROAD☀
96.8%
Fish's breathing organGILL
95.6%
Aquatic vesselBOAT
95.5%
Hairless, like an eagleBALD
94.7%
Hawaiian dance☼HULA☼
94.7%
CorridorHALL
94.7%
'Hello' in HondurasHOLA
94.5%
Female☼GIRL☼
94.3%
Stop abruptlyHALT
93.9%
Adult male pigBOAR
93.5%
Spherical playthingBALL
92.7%
Hangout with many storesMALL
92.3%
Ship's shellHULL
92.1%
Loud bellowROAR
91.8%
Nut partnerBOLT
91.5%
Milkshake variantMALT
89.6%
Hint Answer % Correct
Flour grinderMILL
89.3%
Stumbled, as a treeFELL
87.1%
Avian animalBIRD
86.9%
TouchedFELT
85.5%
Steeple componentBELL
84.5%
Old-fashioned storytellerBARD
84%
Weighted stringed weaponBOLA
83.6%
EquipGIRD
80.7%
AccomplishmentFEAT
72.3%
Vacation or adventure☀TRIP☀
70.2%
Mini-store for snackingMART
68.3%
English stagHART
65.4%
SmoothFLAT
59%
Catch unawaresTRAP
57.7%
Starbucks treat, for shortFRAP
56.9%
Flutter in the windFLAP
56.7%

Today's Daily Dose

You're not logged in!

Compare scores with friends on all Sporcle quizzes.
OR
Log In

From the Vault

4 Movies, 1 Thing in Common VI

by babymonkee

You might say Hollywood doesn't have any original ideas, but we like to think they're just really good at sharing.
Remove Ads.
Support Sporcle.
Get the best of Sporcle when you Go Orange. This ad-free experience offers more features, more stats, and more fun while also helping to support Sporcle. Thank you for becoming a member.

Show Comments

Extras

Top Quizzes Today


Score Distribution

Your Account Isn't Verified!

In order to create a playlist on Sporcle, you need to verify the email address you used during registration. Go to your Sporcle Settings to finish the process.

Report this User

Report this user for behavior that violates our Community Guidelines.

Details: